Statistiques concernant Géographie par lettre - Z

Cliquez ici pour prendre le quiz!

Statistiques générales

  • Ce quiz a été pris 6 372 fois
  • Le résultat moyen est 8 sur 18

Statistiques - réponses

allusionréponse% Correct
Capitale de la CroatieZagreb
96%
La plus grande ville de SuisseZürich
90%
Précédemment Rhodésie du SudZimbabwe
86%
Précédemment Rhodésie du NordZambie
81%
Ancien nom de la RD CongoZaïre
72%
Plus grand groupe ethnique d'Afrique du SudZoulou
61%
Type de bétail "à bosse" commun en Asie du Sud et en Afriquezébu
60%
Île tanzanienne où se trouve Stone TownZanzibar
48%
Monnaie de la Polognezłoty
43%
Rivière sur laquelle se trouvent les chutes VictoriaZambèze
35%
Province du sud-ouest des Pays-BasZélande
29%
Ancienne religion perse, aujourd'hui pratiquée par 300 000 personneszoroastrisme
23%
Station de ski avec vue sur le CervinZermatt
20%
5ème plus grande ville de CroatieZadar
14%
La plus haute montagne d'AllemagneZugspitze
7%
État mexicain et sa capitale du même nomZacatecas
6%
Genre musical de la Louisianezarico
6%
La plus grande ville « Z » chinoise avec 5 millions d'habitantsZhengzhou
5%

Distribution des résultats

Percentile par nombre de réponses

% des personnes avec chaque résultat

Votre développement - résultats

Vous n’avez pas pris ce quiz